[Event "CZE-ch 2020"]
[Site "Pilsen"]
[Date "2020.08.28"]
[Round "6.6"]
[White "Mica, Marek"]
[Black "Polak, Tomas"]
[Result "0-1"]
[WhiteElo "2315"]
[BlackElo "2563"]
[Annotator "TA"]
[PlyCount "186"]
[EventDate "2020.08.23"]
[EventType "swiss"]
[EventCountry "CZE"]
[SourceTitle "playchess.com"]
[Source "ChessBase"]
[SourceQuality "1"]

{[%evp 9,186,-6,18,-11,-5,-5,0,-30,-21,-56,-70,-82,-89,-115,-95,-102,0,-10,8,-106,-125,-112,-104,-114,-130,-111,-122,-109,8,0,0,0,0,4,131,104,154,23,72,68,60,52,79,-47,-47,-47,-47,-42,-37,-97,-95,-107,-86,-107,-106,-111,-45,-58,-17,-104,-107,-115,-129,-145,-137,-377,-375,-367,-367,-613,-612,-590,-572,-487,-379,-377,-377,-339,-332,-550,-435,-415,-350,-1145,-1138,-697,-675,-12700,-12760,-11922,-9643,-12020,-8116,-12793,-12763,-12102,-9069,-6605,-5202,-6046,0,-2068,0,-1865,-1781,-1630,-1179,-802,-685,-1800,-1759,-1744,-1781,-1717,-1596,-1619,-1541,-1561,-1558,-1579,0,-1537,-1504,-1468,-1470,-1452,-1395,-1334,-904,-1488,-1085,-1343,-1331,-1289,-1243,-1033,-984,-29969,-29971,-29971,-29972,-29972,-29973,-29973,-29974,-29973,-29968,-29974,-29975,-29978,-29978,-29979,-29980,-29980,-29981,-29980,-29981,-29982,-29983,-29983,-29984,-29984,-29985,-29986,-29986,-29986,-29987,-29988,-29988,-29990,-29991,-29991,-29992,-29993,-29993,-29994,-29995,-29996,-29997]} 1. d4 d5 2. c4 c6 3. Nc3 dxc4 4. Nf3 b5 {[%cal Bb7b5,Bb5b4][%mdl 32]} 5. a4 b4 $1 {[%cal Rb4c3]} 6. Na2 {D11: Slav Defence: 3 Nf3 sidelines and 3...Nf6 4 e3 Bg4.} e6 7. e4 Ba6 8. Bd2 {The position is equal.} Nf6 {[#]} 9. e5 $146 ({Predecessor:} 9. Nxb4 Nxe4 10. Nxa6 Nxd2 11. Nxd2 Nxa6 12. Bxc4 Nb4 13. Nf3 Bd6 14. O-O O-O 15. Qe2 {0-1 (37) Alber,H (2296)-Dubkov,A (2328) Germany 2017}) 9... Nd5 10. Be2 Qa5 11. Rc1 Nd7 $36 {[%mdl 2048] Black is in control.} 12. Bxc4 c5 (12... Bxc4 $17 13. Rxc4 N5b6) 13. b3 cxd4 (13... Bxc4 {seems wilder.} 14. Rxc4 cxd4 15. Rxd4 Qb6 16. O-O a5) 14. Bxa6 (14. Nxd4 $11 Nxe5 15. O-O) 14... Qxa6 $17 15. Rc4 {[%cal Ra2b4]} Nc3 16. Bxc3 dxc3 17. Nxb4 ({Don't go for} 17. Rc7 $2 Nc5 $19) 17... Bxb4 18. Rxb4 Nc5 (18... Rc8 $17 {aiming for ...c2.} 19. Qc2 Nb6) 19. Rc4 $11 Rd8 20. Nd4 $1 Rd5 21. O-O O-O (21... Nd7 $1 $11) 22. Qc2 $1 $16 Qb6 23. Rxc3 (23. b4 $16) 23... Nxa4 24. Rh3 $1 {[%csl Gh3][%cal Rc2h7]} ({Inferior is} 24. bxa4 Qxd4 25. Rc7 Rxe5 $17) 24... h6 25. Nc6 {Black must now prevent Ne7+.} Qc5 {[#]} 26. Qxc5 ({White has to play} 26. Qc1 $1 $16 Qxc1 27. Rxc1) 26... Rxc5 $15 27. Ne7+ Kh7 {Threatens to win with ...Nb6.} 28. bxa4 Re8 29. f4 (29. Nc6 $15 Rxc6 30. Rd3) 29... Rxe7 $17 {[%mdl 4096] Endgame KRR-KRR} 30. Ra3 Rd7 31. Ra2 a5 32. Rb1 {[#]} Rd4 (32... g5 $1 $17 33. Rb5 Rdd5 34. fxg5 hxg5) 33. g3 $15 Kg6 34. Rb5 {[#]} (34. Rb7 $11 {keeps the balance.}) 34... Rxa4 $1 $17 {[%mdl 512] Black continues to play with concentration.} 35. f5+ (35. Rxa4 Rxb5) 35... Kg5 36. h4+ Kh5 37. Rxa4 $2 (37. Rxc5 $17 Rxa2 38. fxe6 fxe6 39. Rc6) 37... Rxb5 $19 38. fxe6 fxe6 $17 {KR-KR} 39. Re4 $2 (39. Rc4) 39... Rb4 $19 40. Re3 Kg4 41. Ra3 Rb5 42. Kg2 g5 43. Ra4+ Kf5 44. hxg5 $2 (44. Kf2) 44... hxg5 45. Kf3 Rxe5 46. g4+ $2 (46. Ra1) 46... Kf6 47. Rc4 Ke7 48. Rc8 Kd7 49. Rc4 Kd6 50. Rc8 Kd5 51. Rc7 Kd4 52. Rc6 Kd3 53. Rc8 Kd2 54. Rc7 Kd3 (54... a4 $142 55. Ra7 Re3+ 56. Kf2 a3) 55. Rc8 $1 Kd4 56. Rc6 $1 Re3+ 57. Kf2 Kd5 58. Rc8 Re4 59. Kf3 a4 60. Rd8+ Ke5 61. Rg8 Rf4+ 62. Kg3 Kf6 63. Rf8+ Ke7 64. Rg8 Kf6 65. Rf8+ $1 Kg7 66. Re8 Kf7 67. Ra8 Rb4 68. Kf3 Kf6 69. Rc8 Rb3+ 70. Ke4 Rg3 71. Rf8+ {[#]} Kg7 $1 72. Ra8 Rxg4+ 73. Ke5 Rb4 {Black mates.} 74. Kxe6 Kg6 75. Rg8+ Kh5 76. Kf5 Rb5+ 77. Ke4 Kg4 78. Ra8 Rb4+ 79. Ke3 Kg3 80. Ke2 Kg2 81. Rf8 g4 82. Rf2+ Kg3 83. Rf8 a3 84. Ra8 Rb2+ 85. Ke3 a2 86. Ra4 Kh3 87. Ra8 g3 88. Kf3 Rb3+ 89. Ke2 g2 90. Kf2 Kh2 91. Rh8+ Rh3 92. Rxh3+ Kxh3 93. Kg1 a1=Q+ {Accuracy: White = 60%, Black = 76%.} 0-1

[Event "CZE-ch 2020"]
[Site "Pilsen"]
[Date "2020.08.28"]
[Round "6.7"]
[White "Orsag, Milan"]
[Black "Finek, Vaclav"]
[Result "1-0"]
[WhiteElo "2300"]
[BlackElo "2344"]
[Annotator "TA"]
[PlyCount "79"]
[EventDate "2020.08.23"]
[EventType "swiss"]
[EventCountry "CZE"]
[SourceTitle "playchess.com"]
[Source "ChessBase"]
[SourceQuality "1"]

{[%evp 19,79,0,0,-18,-3,-66,-39,-54,-29,-24,22,23,17,10,0,0,0,-18,-21,-20,0,0,-11,-44,-15,-32,-30,-47,-15,-13,-6,-22,0,-22,-11,-10,-11,-9,-17,-13,0,-17,-8,-68,-55,-56,0,-45,-46,-75,-78,-124,-129,-173,-57,-120,0,-102,-103,-103,-103,-101]} 1. d4 d5 2. Nf3 c6 3. c4 Nf6 4. Nc3 e6 5. e3 Nbd7 6. Bd3 dxc4 7. Bxc4 b5 8. Bd3 Bd6 9. O-O O-O 10. e4 e5 11. d5 {D46: Semi-Slav: 5 e3 Nbd7 6 Bd3, Black avoids the Meran.} cxd5 12. Nxb5 (12. Nxd5 $11 Bb7 13. Bxb5) 12... Bc5 {[#]} 13. Nc3 $146 {Black is slightly better.} ({Predecessor:} 13. Bg5 Qb6 14. Bxf6 Nxf6 15. Nc3 Qxb2 16. Nxd5 Ng4 17. Be2 Be6 18. h3 Bxd5 19. exd5 {1-0 (47) Kvendseth,T (1977)-Mihailova,A (1777) Bratislava 2019}) 13... Re8 (13... d4 $5 {[%cal Rd4c3]} 14. Na4 Bb4 $15) 14. Bg5 Bb7 15. exd5 h6 16. Bxf6 Nxf6 17. Bb5 Re7 {[%cal Rf6d5]} 18. Na4 Bd6 19. Bc6 Bxc6 20. dxc6 Qc7 21. h3 Qxc6 22. Rc1 Qa6 23. b3 Rae8 24. Rc4 e4 25. Nd4 {[#] Hoping for Rc6.} Bf4 {...e3 is the strong threat.} 26. Nf5 Re5 27. Ne3 Qe6 {aiming for ...Rg5.} 28. Nc5 Qe7 {[#] And now ...Bxe3 would win.} 29. b4 Rg5 30. Rd4 Be5 31. Nd5 (31. Rc4 $11) 31... Nxd5 $1 $15 32. Rxd5 Bb8 (32... Bc3 $15) 33. Rxg5 Qxg5 34. Re1 e3 35. Kf1 Qf4 $36 {[%csl Ge3][%cal Rf4f2][%mdl 2048] White is under strong pressure.} 36. Nd3 Qf5 ({Better is} 36... Qh2 $19 {( -> ...e2+!)} 37. Rxe3 Rxe3 38. fxe3 Qh1+ 39. Ke2 Qxg2+ 40. Nf2 Bg3) 37. Qe2 (37. Re2 $15) 37... Re6 (37... a5 $17 {Strongly threatening ...axb4.} 38. Rd1 axb4 39. Nxb4 Bg3) 38. Rd1 (38. Qc2 $11 {keeps the balance.}) 38... exf2 $17 39. Qxf2 Qh5 40. Qc2 {[%mdl 32768] Accuracy: White = 61%, Black = 65%. . Loss on time!?} 1-0

[Event "CZE-ch 2020"]
[Site "Pilsen"]
[Date "2020.08.28"]
[Round "6.8"]
[White "Gloser, David"]
[Black "Simacek, Pavel"]
[Result "0-1"]
[WhiteElo "2248"]
[BlackElo "2474"]
[Annotator "ChessBase"]
[PlyCount "62"]
[EventDate "2020.08.23"]
[EventType "swiss"]
[EventCountry "CZE"]
[SourceTitle "playchess.com"]
[Source "ChessBase"]
[SourceQuality "1"]
[TimeControl "40/5400+30:1800+30"]

1. d4 {[%emt 0:00:00]} Nf6 {[%emt 0:00:00]} 2. c4 {[%emt 0:00:00]} c5 {[%emt 0:00:17]} 3. d5 {[%emt 0:00:00]} e6 {[%emt 0:00:03]} 4. Nc3 {[%emt 0:00:02]} exd5 {[%emt 0:00:05]} 5. cxd5 {[%emt 0:00:10]} d6 {[%emt 0:00:04]} 6. Nf3 {[%emt 0:00:16]} g6 {[%emt 0:00:12]} 7. Bf4 {[%emt 0:00:23]} a6 {[%emt 0:00:56]} 8. a4 {[%emt 0:02:31]} Bg7 {[%emt 0:00:30]} 9. h3 {[%emt 0:01:04]} O-O {[%emt 0:00:11]} 10. e3 {[%emt 0:01:08]} Re8 {[%emt 0:08:06]} 11. Nd2 {[%emt 0:02:57]} Nbd7 {[%emt 0:00:14]} 12. Be2 {[%emt 0:01:49]} Ne5 {[%emt 0:03:00]} 13. O-O {[%emt 0:02:01]} Nfd7 {[%emt 0:01:00]} 14. Bh2 {[%emt 0:03:16]} f5 {[%emt 0:00:09]} 15. Qc2 {[%emt 0:06:54]} Nf6 {[%emt 0:01:48]} 16. Rae1 {[%emt 0:02:53]} Rb8 {[%emt 0:04:40]} 17. f4 {[%emt 0:04:07]} Nf7 {[%emt 0:01:16]} 18. Bd3 {[%emt 0:02:57]} Bd7 {[%emt 0:05:20]} 19. e4 {[%emt 0:05:25]} fxe4 {[%emt 0:01:46]} 20. Ndxe4 {[%emt 0:08:55]} Nxe4 {[%emt 0:00:27]} 21. Rxe4 {[%emt 0:04:27]} Rxe4 {[%emt 0:04:00]} 22. Bxe4 {[%emt 0:02:35]} Bd4+ {[%emt 0:01:23]} 23. Kh1 {[%emt 0:00:59]} Qf6 {[%emt 0:00:08]} 24. Rb1 {[%emt 0:11:46]} Re8 {[%emt 0:03:02]} 25. Bd3 {[%emt 0:10:59]} Nh6 {[%emt 0:10:56]} 26. Ne4 {[%emt 0:02:21]} Qh4 {[%emt 0:01:12]} 27. Nxd6 {[%emt 0:05:52]} Re1+ {[%emt 0:01:10]} 28. Bf1 {[%emt 0:00:06]} Nf5 {[%emt 0:01:27]} 29. Nc4 {[%emt 0:03:21]} b5 {[%emt 0:15:44]} 30. Nd2 {[%emt 0:00:42]} Qf2 {[%emt 0:00:36]} 31. Qd3 {[%emt 0:00:59]} Rxb1 {[%emt 0:00:16]} 0-1

[Event "CZE-ch 2020"]
[Site "Pilsen"]
[Date "2020.08.28"]
[Round "6.9"]
[White "Malinovsky, Karel"]
[Black "Zeman, Matyas"]
[Result "1-0"]
[WhiteElo "2474"]
[BlackElo "2250"]
[Annotator "TA"]
[PlyCount "89"]
[EventDate "2020.08.23"]
[EventType "swiss"]
[EventCountry "CZE"]
[SourceTitle "playchess.com"]
[Source "ChessBase"]
[SourceQuality "1"]

{[%evp 23,89,17,28,16,23,14,19,5,22,38,29,31,41,44,41,42,50,46,56,53,67,45,45,48,47,25,35,35,41,29,56,29,71,72,97,95,121,59,221,226,218,174,247,245,223,232,442,418,430,402,459,443,535,469,808,808,800,544,808,808,801,797,808,722,961,961,961,939]} 1. e4 e6 2. d4 d5 3. Nd2 c5 4. exd5 Qxd5 5. Ngf3 cxd4 6. Bc4 Qd6 7. O-O Nf6 8. Nb3 Nc6 9. Nbxd4 Nxd4 10. Nxd4 Be7 11. c3 O-O 12. Qf3 Qc7 13. Bd3 {C07: French Tarrasch: 3...c5, 4 Ngf3 and 4 exd5 Qxd5.} Bd7 14. Re1 Rfd8 15. Bg5 {[#] The position is equal.} Bc6 $146 ({Predecessor:} 15... Qc5 16. Qg3 Nh5 17. Bxe7 Qxe7 18. Qf3 Qg5 19. g3 Rab8 20. h4 Qh6 21. Re5 g6 22. Rae1 Bc6 23. Nxc6 bxc6 24. R5e2 Qf8 25. b3 Ng7 26. Be4 c5 {½-½ (26) Mamedov,R (2659)-Andreikin,D (2724) Moscow 2019}) 16. Nxc6 bxc6 17. Rad1 Rab8 18. Bc1 Rd7 19. Bc2 Rbd8 20. Rxd7 Nxd7 21. h4 Nf6 22. g3 Qb6 23. Kg2 h5 24. Ba4 Ng4 25. Re2 Qa6 26. Bc2 Bf6 27. a3 Qc4 28. Qe4 Qd5 29. f3 $36 {[%mdl 2048] Keeping Black busy.} Ne5 30. Rd2 ({Better is} 30. Qh7+ $16 Kf8 31. Qxh5) 30... Qxd2+ $2 {[#] Black cannot hold the game after this.} (30... Qxe4 $14 31. Bxe4 c5) 31. Bxd2 $18 Rxd2+ 32. Kf1 Nxf3 (32... Rh2 $142 33. Qh7+ Kf8) 33. Qxf3 Rxc2 34. Qxc6 {Hoping for Qa8+.} Rxb2 $2 {[%mdl 4096] Endgame KQ-KRB} (34... g6 {was necessary.} 35. Qb7 Kg7) 35. Qe8+ Kh7 36. Qxf7 {[%mdl 64] [#] Double Attack} Kh6 37. Qxe6 {White is clearly winning.} Rb6 38. Qe3+ Kh7 (38... Kg6 $142 39. c4 Kf7) 39. c4 g6 40. Qe8 Rb1+ 41. Kg2 Rb2+ 42. Kh3 Rc2 43. a4 a5 44. Qe4 Rc3 45. Qd5 {Accuracy: White = 84%, Black = 48%.} 1-0

[Event "CZE-ch 2020"]
[Site "Pilsen"]
[Date "2020.08.28"]
[Round "6.10"]
[White "Freisler, Pavel"]
[Black "Havelka, Josef"]
[Result "0-1"]
[WhiteElo "2249"]
[BlackElo "2367"]
[Annotator "TA"]
[PlyCount "68"]
[EventDate "2020.08.23"]
[EventType "swiss"]
[EventCountry "CZE"]
[SourceTitle "playchess.com"]
[Source "ChessBase"]
[SourceQuality "1"]

{[%evp 15,68,48,41,37,40,17,21,20,26,25,22,8,14,-4,0,0,25,14,13,7,0,-31,9,8,2,-18,-17,-16,0,3,14,0,27,-8,0,-41,-23,-145,-131,-122,-67,-47,-33,-46,-39,-253,-222,-182,-64,-29992,-29993,-29993,-435,-29994,-29995]} 1. Nf3 Nf6 2. c4 g6 3. Nc3 Bg7 4. d4 O-O 5. g3 d6 6. Bg2 Nc6 7. O-O Bf5 8. Ne1 Qd7 9. e4 {E62: King's Indian: Fianchetto: 6...c6 and Panno Variation (6...Nc6) without ...a6.} Bh3 10. Nc2 Bxg2 11. Kxg2 {The position is equal.} e5 12. d5 Ne7 13. b4 {[#]} Ne8 $146 ({Predecessor:} 13... a5 14. a3 axb4 15. axb4 Rxa1 16. Nxa1 c6 17. Bg5 h6 18. Bxf6 Bxf6 19. Nc2 Bg7 20. dxc6 bxc6 {0-1 (43) Sengul,C (2225)-Can,E (2487) Konya 2011}) 14. Bd2 f5 15. f3 Nf6 16. Qe2 f4 17. c5 g5 18. Ne1 Ng6 19. Nd3 Rf7 20. b5 Raf8 21. c6 Qc8 22. cxb7 Qxb7 23. Kh1 h5 24. gxf4 exf4 25. Rac1 (25. Rg1 $5 {[%cal Rg1g5]} g4 26. Rab1 $11) 25... g4 26. Nxf4 (26. Rg1 $11) 26... Nxf4 $17 27. Bxf4 {[#]} Nd7 (27... gxf3 $1 $17 28. Rxf3 (28. Qxf3 Ng4 $15) 28... Ng4) 28. Bg3 $15 Rxf3 29. Rxf3 Rxf3 30. Qd2 $2 ({White should try} 30. Nb1 $1 $15) 30... Qc8 $19 {Threatens to win with ...Qf8.} 31. Ne2 Qf8 (31... Nc5 $19 32. e5 Qf8) 32. Rxc7 $2 {[%mdl 8192] [#]} (32. Qg5 $15) 32... Rf1+ 33. Ng1 Qf3+ {[%mdl 64] Double Attack} 34. Qg2 Bd4 {Accuracy: White = 64%, Black = 81%.} 0-1

[Event "CZE-ch 2020"]
[Site "Pilsen"]
[Date "2020.08.28"]
[Round "6.11"]
[White "Hurdzan, Tomas"]
[Black "Houska, Jiri"]
[Result "1-0"]
[WhiteElo "2325"]
[BlackElo "2202"]
[Annotator "TA"]
[PlyCount "73"]
[EventDate "2020.08.23"]
[EventType "swiss"]
[EventCountry "CZE"]
[SourceTitle "playchess.com"]
[Source "ChessBase"]
[SourceQuality "1"]

{[%evp 23,73,33,65,54,35,47,56,43,37,54,81,83,117,121,116,102,99,14,21,28,31,0,28,-88,36,22,91,0,116,128,671,664,729,729,729,729,729,729,716,707,1772,1750,29985,2262,29985,896,912,902,1359,1378,1106,769]} 1. e4 c5 2. Nf3 d6 3. d4 cxd4 4. Nxd4 Nf6 5. Nc3 g6 6. Be3 Bg7 7. f3 O-O 8. Qd2 Nc6 9. Bc4 Bd7 10. O-O-O Rc8 11. Bb3 Ne5 12. Kb1 $1 {[%mdl 4] is now more promising than 12.h4.} Re8 13. h4 {B78: Sicilian Dragon: Yugoslav Attack, 9 Bc4 Bd7 10 0-0-0 Rc8.} h5 14. g4 hxg4 15. h5 $1 {[%cal Rh5g6] White is slightly better.} Nxh5 16. Bh6 Bf6 ({Avoid the trap} 16... gxf3 $2 17. Rxh5 $1 {[%mdl 512]} Bf6 18. Rhh1 $18) ({But not} 16... Nxf3 $2 17. Nxf3 e6 18. Bxg7 $18) 17. Nd5 $1 gxf3 18. Rdg1 e6 19. Nxf6+ Qxf6 ({Wrong is} 19... Nxf6 $2 20. Bg5 $18) 20. Qf2 (20. Be3 $1 $16) 20... Rc5 $1 $11 21. Be3 {[#]} Kf8 $146 ({Predecessor:} 21... a5 22. Rxh5 a4 23. Rh2 axb3 24. Nxb3 Rb5 25. Bg5 Qg7 26. Qh4 Nc6 27. Rgh1 Rxg5 28. Qxg5 f2 29. Nd2 {1-0 (29) Langer,R (2101)-Ortiz,M (2132) LSS email 2010}) 22. Bh6+ {[%mdl 1024] White has compensation.} (22. Rh3 $5 {[%cal Rd4f3]}) 22... Kg8 $1 23. Rh4 (23. Rxh5 $11 {remains equal.} Ng4 24. Rxg4 Rxh5 25. Bc1) 23... Qh8 (23... a5 $1 $17 {[%cal Ra5a4] ...a4 is the strong threat.} 24. a4 b5 25. axb5 Bxb5) 24. Be3 $1 $14 Kf8 (24... Bc6 $11 {keeps the balance.}) 25. Qd2 (25. Rh3 $16) 25... Ke7 {[#]} (25... b6 $11) 26. Rd1 $1 $16 {Strongly threatening Nf5+!} Rec8 $2 {[%mdl 8192] [#] This costs Black the game.} (26... Kf8 $16) 27. Nf5+ $1 $18 {[%mdl 576] Discovered Attack} exf5 28. Qxd6+ {[%mdl 64] Double Attack} Ke8 29. Bxc5 Rxc5 30. Qxc5 Qf6 {[#]} 31. exf5 $1 {[%mdl 512]} Qxh4 (31... Bxf5 32. Re4) 32. Qxe5+ Qe7 33. Qh8+ Qf8 {[#]} 34. Qxf8+ (34. Bxf7+ $142 $1 {[%mdl 512]} Kxf7 35. fxg6+ {[%mdl 64] Overworked Piece} Kxg6 36. Qxf8 Kg5 37. Rg1+ Bg4 38. Qg8+ Kf6 39. Rxg4) 34... Kxf8 {White is clearly winning.} 35. Rxd7 {[%mdl 64] Double Attack} g5 36. f6 {[%cal Rd7d8]} Ke8 {[#]} 37. Rd5 $1 {Accuracy: White = 73%, Black = 44%.} 1-0

[Event "CZE-ch 2020"]
[Site "Pilsen"]
[Date "2020.08.28"]
[Round "6.12"]
[White "Novotny, Michal"]
[Black "Kozusek, Daniel"]
[Result "0-1"]
[WhiteElo "2246"]
[BlackElo "2307"]
[Annotator "ChessBase"]
[PlyCount "52"]
[EventDate "2020.08.23"]
[EventType "swiss"]
[EventCountry "CZE"]
[SourceTitle "playchess.com"]
[Source "ChessBase"]
[SourceQuality "1"]
[TimeControl "40/5400+30:1800+30"]

1. d4 {[%emt 0:00:00]} d5 {[%emt 0:00:00]} 2. Nc3 {[%emt 0:00:00]} Nf6 {[%emt 0:00:00]} 3. Bf4 {[%emt 0:00:00]} Bf5 {[%emt 0:00:51]} 4. f3 {[%emt 0:00:00]} e6 {[%emt 0:01:33]} 5. g4 {[%emt 0:00:00]} Bg6 {[%emt 0:00:06]} 6. h4 {[%emt 0:00:00]} h5 {[%emt 0:00:09]} 7. g5 {[%emt 0:00:00]} Ng8 {[%emt 0:00:28]} 8. e3 {[%emt 0:00:05]} Bd6 {[%emt 0:01:31]} 9. Nge2 {[%emt 0:17:09]} Ne7 {[%emt 0:02:19]} 10. Qd2 {[%emt 0:05:04]} a6 {[%emt 0:02:26]} 11. e4 {[%emt 0:02:43]} O-O {[%emt 0:07:04]} 12. O-O-O {[%emt 0:06:13]} b5 {[%emt 0:01:49]} 13. Qe3 {[%emt 0:00:50]} c6 {[%emt 0:03:43]} 14. Bh3 {[%emt 0:05:56]} a5 {[%emt 0:02:15]} 15. Be5 {[%emt 0:07:20]} Bxe5 {[%emt 0:10:43]} 16. dxe5 {[%emt 0:00:49]} b4 {[%emt 0:02:38]} 17. Na4 {[%emt 0:00:49]} Nd7 {[%emt 0:00:04]} 18. Nf4 {[%emt 0:05:49]} Nxe5 {[%emt 0:03:46]} 19. exd5 {[%emt 0:14:13]} Nc4 {[%emt 0:00:20]} 20. Qc5 {[%emt 0:05:58]} cxd5 {[%emt 0:01:22]} 21. Rhe1 {[%emt 0:19:08]} Rc8 {[%emt 0:03:13]} 22. Nxe6 {[%emt 0:00:05]} Rxc5 {[%emt 0:00:17]} 23. Nxd8 {[%emt 0:00:02]} Rc7 {[%emt 0:00:18]} 24. Rxe7 {[%emt 0:02:11]} Rxe7 {[%emt 0:00:08]} 25. Nc6 {[%emt 0:00:05]} Re2 {[%emt 0:01:49]} 26. Nd4 {[%emt 0:00:02]} Rh2 {[%emt 0:00:10]} 0-1

[Event "CZE-ch 2020"]
[Site "Pilsen"]
[Date "2020.08.28"]
[Round "6.13"]
[White "Kusa, Jakub"]
[Black "Rabatin, Jakub"]
[Result "0-1"]
[WhiteElo "2239"]
[BlackElo "2291"]
[Annotator "ChessBase"]
[PlyCount "102"]
[EventDate "2020.08.23"]
[EventType "swiss"]
[EventCountry "CZE"]
[SourceTitle "playchess.com"]
[Source "ChessBase"]
[SourceQuality "1"]
[TimeControl "40/5400+30:1800+30"]

1. e4 {[%emt 0:00:00]} c5 {[%emt 0:00:00]} 2. Nf3 {[%emt 0:00:00]} Nc6 {[%emt 0:00:00]} 3. d4 {[%emt 0:00:00]} cxd4 {[%emt 0:00:00]} 4. Nxd4 {[%emt 0:00:00]} Nf6 {[%emt 0:00:00]} 5. Nc3 {[%emt 0:00:06]} d6 {[%emt 0:00:00]} 6. f3 {[%emt 0:00:58]} e5 {[%emt 0:00:06]} 7. Nb3 {[%emt 0:00:32]} Be7 {[%emt 0:00:12]} 8. Be3 {[%emt 0:01:14]} O-O {[%emt 0:00:13]} 9. Be2 {[%emt 0:00:45]} Be6 {[%emt 0:02:01]} 10. O-O {[%emt 0:01:34]} a5 {[%emt 0:00:10]} 11. Qd2 {[%emt 0:04:25]} a4 {[%emt 0:02:48]} 12. Nc1 {[%emt 0:01:41]} a3 {[%emt 0:04:12]} 13. b3 {[%emt 0:01:14]} Ra5 {[%emt 0:07:20]} 14. Na4 {[%emt 0:08:43]} b5 {[%emt 0:44:57]} 15. Bb6 {[%emt 0:02:40]} Qb8 {[%emt 0:00:59]} 16. Bxa5 {[%emt 0:02:03]} bxa4 {[%emt 0:00:05]} 17. b4 {[%emt 0:10:51]} d5 {[%emt 0:01:19]} 18. exd5 {[%emt 0:02:22]} Nxd5 {[%emt 0:00:41]} 19. Nd3 {[%emt 0:03:02]} Qa7+ {[%emt 0:12:40]} 20. Kh1 {[%emt 0:02:06]} Ne3 {[%emt 0:00:06]} 21. Rfe1 {[%emt 0:02:22]} Nc4 {[%emt 0:11:10]} 22. Qd1 {[%emt 0:04:35]} N6xa5 {[%emt 0:05:45]} 23. bxa5 {[%emt 0:00:30]} Qxa5 {[%emt 0:01:20]} 24. c3 {[%emt 0:02:52]} Qxc3 {[%emt 0:02:57]} 25. Qxa4 {[%emt 0:02:25]} Nb2 {[%emt 0:00:34]} 26. Qe4 {[%emt 0:02:14]} Rd8 {[%emt 0:01:54]} 27. Rac1 {[%emt 0:09:21]} Nxd3 {[%emt 0:01:24]} 28. Rxc3 {[%emt 0:01:06]} Nf2+ {[%emt 0:00:04]} 29. Kg1 {[%emt 0:00:13]} Nxe4 {[%emt 0:00:01]} 30. fxe4 {[%emt 0:00:20]} Bb4 {[%emt 0:01:21]} 31. Rec1 {[%emt 0:00:12]} Bxc3 {[%emt 0:00:06]} 32. Rxc3 {[%emt 0:00:20]} Ra8 {[%emt 0:00:22]} 33. Rc2 {[%emt 0:00:50]} g6 {[%emt 0:00:26]} 34. Kf2 {[%emt 0:00:39]} Rb8 {[%emt 0:00:48]} 35. Bd3 {[%emt 0:01:19]} Kg7 {[%emt 0:00:54]} 36. Ke3 {[%emt 0:00:33]} Rb1 {[%emt 0:00:31]} 37. Rc3 {[%emt 0:01:55]} Rb2 {[%emt 0:00:21]} 38. Rxa3 {[%emt 0:00:07]} Rxg2 {[%emt 0:00:32]} 39. Be2 {[%emt 0:00:10]} Rxh2 {[%emt 0:00:13]} 40. Ra7 {[%emt 0:00:19]} Rh3+ {[%emt 0:00:28]} 41. Kf2 {[%emt 0:30:51]} h5 {[%emt 0:05:35]} 42. a4 {[%emt 0:00:00]} Ra3 {[%emt 0:01:02]} 43. a5 {[%emt 0:00:00]} h4 {[%emt 0:00:09]} 44. a6 {[%emt 0:00:00]} g5 {[%emt 0:00:44]} 45. Rc7 {[%emt 0:00:00]} g4 {[%emt 0:00:34]} 46. a7 {[%emt 0:00:00]} g3+ {[%emt 0:00:07]} 47. Ke1 {[%emt 0:00:00]} h3 {[%emt 0:00:52]} 48. Rc3 {[%emt 0:00:00]} Rxc3 {[%emt 0:01:44]} 49. a8=Q {[%emt 0:00:00]} h2 {[%emt 0:00:06]} 50. Kd2 {[%emt 0:00:00]} h1=Q {[%emt 0:00:27]} 51. Kxc3 {[%emt 0:00:00]} Qc1+ 0-1

[Event "CZE-ch 2020"]
[Site "Pilsen"]
[Date "2020.08.28"]
[Round "6.14"]
[White "Mladek, Richard"]
[Black "Paseka, Matyas"]
[Result "1-0"]
[WhiteElo "2280"]
[BlackElo "1959"]
[Annotator "ChessBase"]
[PlyCount "81"]
[EventDate "2020.08.23"]
[EventType "swiss"]
[EventCountry "CZE"]
[SourceTitle "playchess.com"]
[Source "ChessBase"]
[SourceQuality "1"]
[TimeControl "40/5400+30:1800+30"]

1. e4 {[%emt 0:04:32]} c5 {[%emt 0:00:00]} 2. Nf3 {[%emt 0:00:07]} Nc6 {[%emt 0:00:00]} 3. d4 {[%emt 0:00:01]} cxd4 {[%emt 0:00:00]} 4. Nxd4 {[%emt 0:00:02]} e5 {[%emt 0:00:04]} 5. Nb5 {[%emt 0:00:05]} d6 {[%emt 0:00:08]} 6. N1c3 {[%emt 0:00:07]} a6 {[%emt 0:00:07]} 7. Na3 {[%emt 0:00:04]} Be7 {[%emt 0:00:06]} 8. Nc4 {[%emt 0:00:08]} b5 {[%emt 0:00:07]} 9. Ne3 {[%emt 0:00:03]} Nf6 {[%emt 0:00:14]} 10. Bd3 {[%emt 0:00:50]} O-O {[%emt 0:00:14]} 11. O-O {[%emt 0:00:10]} Nb4 {[%emt 0:00:06]} 12. Be2 {[%emt 0:00:06]} Be6 {[%emt 0:02:33]} 13. a3 {[%emt 0:05:49]} Nc6 {[%emt 0:00:11]} 14. Bd3 {[%emt 0:04:31]} b4 {[%emt 0:04:24]} 15. Ncd5 {[%emt 0:01:41]} bxa3 {[%emt 0:07:31]} 16. Rxa3 {[%emt 0:00:51]} a5 {[%emt 0:05:55]} 17. c3 {[%emt 0:09:49]} Bxd5 {[%emt 0:01:50]} 18. exd5 {[%emt 0:01:04]} Nb8 {[%emt 0:00:19]} 19. Bb5 {[%emt 0:01:47]} Qb6 {[%emt 0:10:17]} 20. Rb3 {[%emt 0:01:49]} Qc5 {[%emt 0:01:25]} 21. Nf5 {[%emt 0:00:48]} Bd8 {[%emt 0:00:52]} 22. c4 {[%emt 0:02:04]} Kh8 {[%emt 0:09:12]} 23. Be3 {[%emt 0:04:00]} Qc7 {[%emt 0:01:29]} 24. f4 {[%emt 0:02:06]} Nbd7 {[%emt 0:01:01]} 25. fxe5 {[%emt 0:01:59]} Nxe5 {[%emt 0:00:24]} 26. Bd4 {[%emt 0:08:06]} Rb8 {[%emt 0:06:02]} 27. Kh1 {[%emt 0:04:56]} g6 {[%emt 0:02:51]} 28. Nxd6 {[%emt 0:12:49]} Qxd6 {[%emt 0:01:02]} 29. Re3 {[%emt 0:01:59]} Nxc4 {[%emt 0:03:54]} 30. Bxc4 {[%emt 0:01:23]} Rb4 {[%emt 0:00:07]} 31. b3 {[%emt 0:02:07]} Kg8 {[%emt 0:02:28]} 32. Bc3 {[%emt 0:00:45]} Rb7 {[%emt 0:01:15]} 33. Qf3 {[%emt 0:06:16]} Nd7 {[%emt 0:05:22]} 34. Re8 {[%emt 0:00:45]} Nc5 {[%emt 0:01:12]} 35. Be5 {[%emt 0:00:15]} Qd7 {[%emt 0:00:42]} 36. Rxf8+ {[%emt 0:04:33]} Kxf8 {[%emt 0:00:11]} 37. Qe3 {[%emt 0:02:31]} Bb6 {[%emt 0:03:19]} 38. Qh6+ {[%emt 0:00:37]} Ke8 {[%emt 0:00:38]} 39. Qxh7 {[%emt 0:01:02]} Qe7 {[%emt 0:00:41]} 40. Bf6 {[%emt 0:02:04]} Qf8 {[%emt 0:02:27]} 41. Bb5+ {[%emt 0:30:36]} 1-0